Statistics for SNL Guest Hosts - Season 5

Click here to take the quiz!

General Stats

  • This quiz has been taken 4 times
  • The average score is 5 of 20

Answer Stats

Premiere DateTime HostingMusical GuestGuest Host% Correct
October 13, 19797thBlondieSteve Martin
100%
May 17, 19808th3-D, Paul McCartney and Linda McCartneySteve Martin
100%
May 24, 198010thAndrew Gold, Andrae Crouch & the Voices of UnityBuck Henry
75%
November 10, 19799thTom Petty and the HeartbreakersBuck Henry
75%
February 9, 19802ndMarianne Faithful, Tom ScottChevy Chase
75%
February 16, 19805thGary NumanElliot Gould
50%
October 20, 19794thBob DylanEric Idle
50%
November 17, 19791stThe RochesBea Arthur
0%
November 3, 19791stChicagoBill Russell
0%
May 10, 19801stThe Amazing Rythym Aces, Bruce CockburnBob Newhart
0%
April 12, 19801stAnne MurrayBurt Reynolds
0%
December 8, 19791stRandy NewmanHoward Hesseman
0%
February 23, 19801stSam & DaveKirk Douglas
0%
December 15, 19791stDavid BowieMartin Sheen
0%
March 15, 1980*Paul Simon, James Taylor, David SanbornNone
0%
April 5, 19802nd, 1stThe Grateful DeadRichard Benjamin, Paula Prentiss
0%
March 8, 19801stThe J. Geils BandRodney Dangerfield
0%
April 19, 19801stThe SpecialsStrother Martin
0%
December 22, 19791stDesmond Child & RougeTed Knight
0%
January 26, 19801stThe B-52'sTeri Garr
0%

Score Distribution

Percentile by Number Answered

Percent of People with Each Score

Your Score History

You have not taken this quiz